Central Library OPAC University of Rajshahi

Albert Schweitzer : (Record no. 31417)

MARC details
000 -LEADER
fixed length control field 00714cam a2200253u 4500
001 - CONTROL NUMBER
control field 31417
003 - CONTROL NUMBER IDENTIFIER
rucl marc code BD-RjUL
005 - DATE AND TIME OF LATEST TRANSACTION
control field 20211209051711.0
008 - FIXED-LENGTH DATA ELEMENTS--GENERAL INFORMATION
fixed length control field 140415s1956 enk 000 0bfre
035 ## - SYSTEM CONTROL NUMBER
System control number (BD-RjUL)31504
040 ## - CATALOGING SOURCE
Original cataloging agency DLC
Transcribing agency CarP
Modifying agency DLC
Language of cataloging eng
041 1# - LANGUAGE CODE
Language code of text/sound track or separate title freeng
082 ## - DEWEY DECIMAL CLASSIFICATION NUMBER
Classification number 193
Author mark and year FEA 1956
100 1# - MAIN ENTRY--PERSONAL NAME
Personal name Feschotte, Jacques
9 (RLIN) 95593
245 00 - TITLE STATEMENT
Title Albert Schweitzer :
Remainder of title an introduction /
Statement of responsibility, etc. Jacques Feschotte
260 ## - PUBLICATION, DISTRIBUTION, ETC. (IMPRINT)
Place of publication, distribution, etc. London :
Name of publisher, distributor, etc. Collins,
Date of publication, distribution, etc. 1956
300 ## - PHYSICAL DESCRIPTION
Pagination 128 p. ;
Size 19 cm.
600 10 - SUBJECT ADDED ENTRY--PERSONAL NAME
Personal name Schweitzer, Albert,
Dates associated with a name 1875-1965.
700 1# - ADDED ENTRY--PERSONAL NAME
Personal name Schweitzer, Albert,
Dates associated with a name 1875-1965.
942 ## - ADDED ENTRY ELEMENTS (KOHA)
Source of classification or shelving scheme Dewey Decimal Classification
Koha item type Books
Holdings
Lost status Source of classification or shelving scheme Damaged status Not for loan Collection code Permanent Location Current Location Shelving location Date acquired Total Checkouts Full call number Date last seen Copy number Koha item type
  Dewey Decimal Classification   Not For Loan Non-fiction Central Library, University of Rajshahi Central Library, University of Rajshahi Reading Room 15/04/2014   193 FEA 1956 15/04/2014 C-1 Books